[Event "Warsaw Maciei Memorial"]
[Site "Warsaw"]
[Date "2023.07.10"]
[Round "8"]
[White "Kalus, Franciszek"]
[Black "Smetek, Michal"]
[Result "0-1"]
[WhiteElo "1394"]
[BlackElo "1943"]
[PlyCount "74"]
[EventDate "2023.07.10"]
[EventType "swiss (blitz)"]
[EventRounds "11"]
[EventCountry "POL"]
[SourceTitle "CBM 215 Extra"]
[Source "ChessBase"]
[SourceDate "2023.09.30"]
[SourceVersion "1"]
[SourceVersionDate "2023.09.30"]
[SourceQuality "1"]

1. d4 Nf6 2. c4 e6 3. Nf3 d5 4. Nc3 c6 5. Bg5 Be7 6. e3 0-0 7. Rc1 Nbd7 8. Qc2 b6 9. cxd5 exd5 10. Bd3 Bb7 11. 0-0 h6 12. Bh4 Re8 13. a3 Rc8 14. b4 c5 15. bxc5 bxc5 16. Bf5 cxd4 17. Nxd4 Ne4 18. Bxe7 Qxe7 19. Qb2 Rb8 20. Nxe4 dxe4 21. Rc7 Ba6 22. Qc1 Bxf1 23. Rxd7 Qf6 24. Kxf1 g6 25. Bh3 Rec8 26. Rc7 Qa6+ 27. Ke1 Qa5+ 28. Qd2 Qxd2+ 29. Kxd2 Rxc7 30. g3 Rb2+ 31. Kd1 Rxf2 32. Bg4 Rc3 33. Ke1 Rxh2 34. Be2 Rxe3 35. Kd1 Rxa3 36. Nc2 Ra2 37. g4 Rxc2 0-1